| 000 | 00704nam a2200229Ia 4500 | ||
|---|---|---|---|
| 003 | OSt | ||
| 005 | 20251014103120.0 | ||
| 008 | 210716s2018 xx 000 0 und d | ||
| 020 | _a9789352136100 | ||
| 040 | _cAIMIT LIBRARY | ||
| 041 | _aeng | ||
| 082 |
_a005.76813 _21 _bHOPT |
||
| 100 |
_aHope, Tom. _9242188 |
||
| 245 |
_aLearning tensorflow: a guide to building deep learning systems. _bGuide to building deep learning systems. |
||
| 250 | _a1 | ||
| 260 |
_aNew Delhi _bShroff Publications and Distributers Pvt Ltd _c2018 |
||
| 300 | _ax,228 | ||
| 650 |
_aNone _9242189 |
||
| 700 |
_aResheff, Yehezkel S. _9242190 |
||
| 700 |
_aLieder, Itay. _9242191 |
||
| 942 |
_2ddc _cBK _e1st _k005.76813 HOPT |
||
| 999 |
_c196950 _d196950 |
||